Niekoľko slov k zamedzeniu medzinárodného dvojitého zdanenia a dvojitého nezdanenia v Slovenskej republike
Autor uvádza dôvody vzniku dvojitého zdanenia a jeho následky. Predmetom skúmania sú spôsoby vylúčenia dvojitého zdanenia i opatrenia na eliminovanie dvojitého nezdanenia na vnútroštátnej a medzinárodnej úrovni, s dôrazom na riešenie problematiky v Slovenskej republike. Tá je rozoberaná najmä z hľad...
Gespeichert in:
| 1. Verfasser: | |
|---|---|
| Format: | Buchkapitel |
| Sprache: | Slowakisch |
| Schlagworte: | |
| Tags: |
Keine Tags, Fügen Sie das erste Tag hinzu!
|
MARC
| LEADER | 00000nla a2200000 4500 | ||
|---|---|---|---|
| 001 | 0192781 | ||
| 005 | 20240417075049.5 | ||
| 041 | 0 | |a slo | |
| 044 | |a SK | ||
| 245 | 1 | 0 | |a Niekoľko slov k zamedzeniu medzinárodného dvojitého zdanenia a dvojitého nezdanenia v Slovenskej republike |c Peter Huba |
| 520 | |a Autor uvádza dôvody vzniku dvojitého zdanenia a jeho následky. Predmetom skúmania sú spôsoby vylúčenia dvojitého zdanenia i opatrenia na eliminovanie dvojitého nezdanenia na vnútroštátnej a medzinárodnej úrovni, s dôrazom na riešenie problematiky v Slovenskej republike. Tá je rozoberaná najmä z hľadiska prínosu zmlúv o zamedzení dvojitého zdanenia, ktoré Slovenská republika uzatvára na podklade Modelovej daňovej zmluvy Organizácie pre hospodársku spoluprácu a rozvoj. | ||
| 610 | 2 | 0 | |a dane |
| 610 | 2 | 0 | |a zdaňovanie |
| 610 | 2 | 0 | |a zdanenie dvojité |
| 610 | 2 | 0 | |a zdaňovanie medzinárodné |
| 610 | 2 | 0 | |a Slovensko |
| 610 | 2 | 0 | |a úpravy právne |
| 610 | 2 | 0 | |a právo medzinárodné |
| 100 | 1 | |a Huba, Peter | |